000 01068nam a2200301 a 4500
005 20240327124106.0
008 100708e1997||||sp f |||| 00| 0 spa d
020 _a8420764035
041 _aspa
092 _c170
_l13
_sCOR
100 1 _aCortina, Adela
_91042
245 _aHacer reforma.
_bLa ética de la sociedad civil /
_cAdela Cortina
250 _a3a ed.
260 _aMadrid:
_bGrupo Anaya;
_c1997.
300 _a150 p.
500 _aCortina, A. (1997). Hacer reforma. La ética de la sociedad civil. (3a ed.). Madrid : Grupo Anaya.
590 _aDonación Dora Vera, febrero 2017.
653 1 _a¿Vale la pena educar moralmente?
653 _aDel vasallaje a la ciudadanía moral
653 3 _aLa fórmula mágica del pluralismo moral
653 3 _aLa moral civíca la harán las personas, o no se hará
653 _aTomarse en serio la construcción de un mundo humano
653 _aVoluntad del entendimiento
653 _aEducar en una moral cívica
653 _aMoral cívica y moral creyente
930 _a3789
942 _2ddc
_cBK
999 _c2335
_d2335